00322nam a2200121Ia 4500008004100000041000800041082001400049100001700063245004300080260004400123300002400167365000900191240624s9999 xx 000 0 und d aeng a658.1 BHI aBHIDE AMAR V aORIGIN AND EVOLUTION OF NEW BUSINESSES c2003aNew YorkbOxford University press a432 : p. : cm. ; 22 cb30